Most Guessed Missing Countries - Statistics

General Stats
  • This quiz has been taken 381 times
  • The average score is 15 of 20
Answers on the Map
Answers color-coded by a green-red scale on the quiz's map according to % correct below.
 
Answer Stats
% Country % Correct
99 United States
99%
96 Brazil
98%
99 Canada
98%
97 China
98%
98 Russia
98%
97 Mexico
96%
94 France
95%
89 Spain
91%
96 Argentina
89%
89 Germany
86%
93 Egypt
74%
89 Algeria
66%
93 Ukraine
65%
94 Mongolia
61%
89 Poland
57%
88 Colombia
56%
90 Kazakhstan
55%
88 Sudan
40%
92 Bolivia
30%
89 Paraguay
14%
No matching quizzes found
Score Distribution
Percent of People with Each Score
Percentile by Number Answered
Your Score History
You have not taken this quiz